000 00892nam a22002417a 4500
003 OSt
005 20250826170447.0
008 250826b |||||||| |||| 00| 0 eng d
037 _cDissertation
040 _aFEDL
_beng
_cFEDL
041 _aeng
_heng
082 _a420 SAR/DI
100 _aSarika
_9535785
110 _aUniversity of Delhi. Department of Education
_9818316
245 _aComparative study of the representations of indian and foreign authorities:
_bIndian and foreign contexts in english language textbooks/
_cby Sarika; Praveen Kumar Tiwari. Supervisor
260 _bUniversity of Delhi
_c2025
300 _a96p.
650 _aENGLISH LANGUAGE
650 _aCOMPARATIVE STUDY ( INDIAN AND FOREIGN AUTHORS)
_9818984
700 _aTiwari, Praveen Kumar. Supervisor
_9818985
942 _2ddc
_cDIS
_h420 SAR/DI
_n0
999 _c1434901
_d1434901